000 00373nam a2200145Ia 4500
008 210210b1959 xxu||||| |||| 00| 0 eng d
082 _a823.009 MULS
100 _aMULLIK (B R).
245 _aStudies in novelists-Stevenson. V ix.
260 _aND
_bChand & Co.,
_c1959
300 _aiv,52
650 _aNovelist Stevenson
690 _aEnglish Criticism
906 _a031568
999 _c82717
_d82717